Delivering quality places (Record no. 107511)
[ view plain ]
| 000 -LEADER | |
|---|---|
| fixed length control field | 01652cad a22002655a 4500 |
| 001 - CONTROL NUMBER | |
| control field | L140503 |
| 008 - FIXED-LENGTH DATA ELEMENTS--GENERAL INFORMATION | |
| fixed length control field | 070926s2007 xxkdo f 000 0 eng d |
| 035 ## - SYSTEM CONTROL NUMBER | |
| System control number | (Sirsi) u140503 |
| 041 0# - LANGUAGE CODE | |
| Language code of text/sound track or separate title | eng |
| 050 04 - LIBRARY OF CONGRESS CALL NUMBER | |
| Classification number | 711.52 |
| 110 2# - MAIN ENTRY--CORPORATE NAME | |
| Corporate name or jurisdiction name as entry element | English Partnerships |
| 9 (RLIN) | 1764 |
| 245 00 - TITLE STATEMENT | |
| Title | Delivering quality places |
| Remainder of title | Urban design compendium 2 |
| Medium | [electronic resource] |
| 250 ## - EDITION STATEMENT | |
| Edition statement | 2nd ed. |
| 260 ## - PUBLICATION, DISTRIBUTION, ETC. | |
| Place of publication, distribution, etc. | London |
| Name of publisher, distributor, etc. | English Partnerships |
| Date of publication, distribution, etc. | 2007 |
| 505 2# - FORMATTED CONTENTS NOTE | |
| Formatted contents note | Aiming higher -- Sowing the seed -- Integrated design -- Delivering quality and adding value -- From vision to reality -- Managing quality places -- Closing the circle |
| 520 ## - SUMMARY, ETC. | |
| Summary, etc. | Aims to promote understanding of how successful and sustainable development can be achieved. Examines the processes involved and offers guidance overcoming barriers. Underlines the need for the adoption of integrated, holistic designs and the managing of successful places. Provides recent case studies to support the issues raised and illustrate the increasing importance of good urban design. A website has been produced to support this work and to accept feedback (L140512). The first edition is also available (J108291). |
| 590 ## - LOCAL NOTE (RLIN) | |
| Local note | KA NTK |
| 651 #4 - SUBJECT ADDED ENTRY--GEOGRAPHIC NAME | |
| Geographic name | United Kingdom |
| Chronological subdivision | |
| 690 ## - LOCAL SUBJECT ADDED ENTRY--TOPICAL TERM (OCLC, RLIN) | |
| Topical term or geographic name as entry element | Planning and development |
| 9 (RLIN) | 6259 |
| 710 1# - ADDED ENTRY--CORPORATE NAME | |
| Corporate name or jurisdiction name as entry element | Housing Corporation |
| 710 1# - ADDED ENTRY--CORPORATE NAME | |
| Corporate name or jurisdiction name as entry element | Llewelyn-Davies |
| 9 (RLIN) | 3592 |
| 856 40 - ELECTRONIC LOCATION AND ACCESS | |
| Uniform Resource Identifier | <a href="https://www.englishpartnerships.co.uk/publications.htm#udc2">https://www.englishpartnerships.co.uk/publications.htm#udc2</a> |
| Public note | View the compendium free of charge at www.englishpartnerships.co.uk... |
| 856 40 - ELECTRONIC LOCATION AND ACCESS | |
| Uniform Resource Identifier | <a href="https://www.urbandesigncompendium.co.uk/OrderACopy.aspx">https://www.urbandesigncompendium.co.uk/OrderACopy.aspx</a> |
| Public note | View the entire compendium in one document free of charge at www.urbandesigncompendium.co.uk... |
| 942 ## - ADDED ENTRY ELEMENTS (KOHA) | |
| Suppress in OPAC | 0 |
| Withdrawn status | Lost status | Source of classification or shelving scheme | Damaged status | Not for loan | Home library | Current library | Shelving location | Date acquired | Total Checkouts | Full call number | Barcode | Date last seen | Copy number | Price effective from | Koha item type |
|---|---|---|---|---|---|---|---|---|---|---|---|---|---|---|---|
| Dewey Decimal Classification | Virtual | Virtual | Online | 26/09/2007 | ONLINE PUBLICATION | 140503-1001 | 06/08/2019 | 1 | 06/08/2019 | Book |